000 00410pab a2200157 454500
008 180718b1996 xxu||||| |||| 00| 0 eng d
100 _aGhosh, Jayati
245 _aCoercive corporatism: the state in Indonesian capitalism
260 _c1996
300 _ap.36-49
362 _aNov-Dec
650 _aIndonesia - Economic policy
650 _aEconomic policy
773 _aSocial Scientist
909 _a35699
999 _c35699
_d35699